000 00523nam a22002057a 4500
003 LK-CoDNM
005 20250106105745.0
008 250103b |||||||| |||| 00| 0 eng d
040 _aLK-CoDNM
_dLK-CoDNM
_eLK-CoDNM
041 _aeng
080 _a4
_bC22
100 _aWEBER MAX DR
110 _amax weber dr.
111 _abeaufort l.f
245 _aThe Fishes of the indo - austraalian archipelago
260 _bbrill ltd e.j
_c1911
300 _a372p. ill ; 23 cm
650 _ascience
942 _cBK
999 _c234965
_d234965